|
|
|
|
| LEADER |
00000nam a2200000 a 4500 |
| 001 |
vtls001387101 |
| 003 |
SK-MaSNL |
| 005 |
20260301161519.0 |
| 008 |
251124s1998 xo a f 00100dslo |
| 015 |
|
|
|a SNBA2000/06-02173
|
| 020 |
|
|
|a 8085753936
|
| 035 |
|
|
|a SNK000341286
|
| 040 |
|
|
|a SNK
|b slo
|c SNK
|e AACR2
|
| 041 |
0 |
|
|a slo
|
| 044 |
|
|
|a SK
|
| 080 |
|
|
|a 655.1(091):761
|2 1981
|
| 080 |
|
|
|a 761:655.1(091)
|2 1981
|
| 100 |
1 |
|
|a Šefčáková, Eva,
|d 1935-2011
|4 aut
|9 116018
|
| 245 |
1 |
0 |
|a Drevené štočky
|b zbierka Historického múzea Slovenského národného múzea v Bratislave
|c Eva Šefčáková
|
| 260 |
|
|
|a Bratislava
|b Slovenské národné múzeum
|c 1998
|
| 300 |
|
|
|a 64 s.
|b ilustr.
|c 20 cm
|e 1 CD
|
| 500 |
|
|
|a Fotogr.: Mikuláš Červeňanský, Filip Lašut, Ľudmila Mišurová, Ján Sláma, Jarmila Učníková, Oľga Šilingerová, archív aut.
|
| 650 |
0 |
7 |
|a kníhtlač
|2 SNKPH
|9 30985
|
| 650 |
0 |
7 |
|a štočky drevené
|x zbierky
|2 SNK
|9 524640
|
| 655 |
|
7 |
|a príručky
|2 SNK
|9 74364
|
| 700 |
1 |
|
|a Červeňanský, Mikuláš,
|d 1939-2005
|4 fot
|9 7924
|
| 700 |
1 |
|
|a Lašut, Filip,
|d 1945-2012
|4 fot
|9 151668
|
| 700 |
1 |
|
|a Mišurová, Ľudmila
|4 fot
|9 8092
|
| 700 |
1 |
|
|a Šilingerová, Oľga
|4 fot
|9 8225
|
| 700 |
1 |
|
|a Sláma, Ján
|4 fot
|9 46844
|
| 700 |
1 |
|
|a Učníková, Jarmila,
|d 1942-
|4 fot
|9 185520
|
| 919 |
|
|
|a 80-85753-93-6
|
| 999 |
|
|
|c 809772
|d 811702
|
| 952 |
|
|
|t P60, <09>, [BOOK], {629}
|a SNK
|b SNK
|y NEVYP
|7 0
|o snkD 89
|i snk557/20000418
|0 0
|1 0
|4 0
|d 2000-04-17
|l 0
|r 2005-01-02 00:00:00
|w 2026-02-24
|
| 952 |
|
|
|t P60, <03>, [BOOK], {603}
|a SNK
|b SNK
|y PREZ
|7 0
|p 17A0234134
|o snkSD 70762
|i snkKSP 3948/2000
|0 0
|1 0
|4 0
|d 2000-04-17
|l 0
|r 2005-01-02 00:00:00
|w 2026-02-24
|
| 952 |
|
|
|a SNK
|b SNKPULT
|y VYP
|7 0
|p 17A0234135
|o snkSD 70762 D1
|i snkKSP 3949/2000
|3 kniha obsahuje 1 CD
|0 0
|1 0
|4 0
|d 2000-04-17
|l 1
|q 2025-11-24
|r 2026-02-28 18:23:27
|s 2026-02-28
|w 2026-02-24
|
| 952 |
|
|
|a SNK
|b SNK
|y PREZ
|7 0
|p 17A0413903
|o snkSD 70762/príl. D1
|i snkKSP 3949/2000
|3 Príloha: 1 CD
|z Príloha: 1 CD
|0 0
|1 0
|4 0
|d 2004-02-19
|l 0
|r 2005-01-02 00:00:00
|w 2026-02-24
|
| 952 |
|
|
|a SNKLM
|b SNKLM
|y NEVYP
|7 0
|o snklmKK 1092
|i snklm988/2001
|8 7
|0 0
|1 0
|4 0
|d 2006-08-17
|l 0
|r 2026-02-24 02:32:37
|w 2026-02-24
|